[Event "TUR-ch U13/18"]
[Site "Antalya"]
[Date "2023.01.28"]
[Round "10"]
[White "Yildirim, Kemal"]
[Black "Ozen, Metehan"]
[Result "0-1"]
[WhiteElo "1804"]
[BlackElo "2137"]
[PlyCount "71"]
[EventDate "2023.01.17"]
[EventType "swiss"]
[EventRounds "10"]
[EventCountry "TUR"]
[SourceTitle "EXT 2024"]
[Source "ChessBase"]
[SourceDate "2023.10.10"]
[SourceVersion "1"]
[SourceVersionDate "2023.10.10"]
[SourceQuality "1"]

1. e4 c5 2. Nf3 d6 3. d4 cxd4 4. Nxd4 Nf6 5. Nc3 a6 6. Qd3 e5 7. Nf5 Bxf5 8. exf5 h6 9. g3 d5 10. Bg2 e4 11. Qe2 Bb4 12. 0-0 0-0 13. Rd1 Bxc3 14. bxc3 Qc8 15. Be3 Qxf5 16. c4 dxc4 17. Qxc4 Nc6 18. h3 Ne5 19. Qe2 h5 20. Rab1 b5 21. Rb4 Nf3+ 22. Kh1 Rad8 23. c4 Rxd1+ 24. Qxd1 Ne5 25. cxb5 Nd3 26. Rb3 axb5 27. Kg1 Rd8 28. Qb1 Rd5 29. Ra3 Ne5 30. Ra8+ Kh7 31. Ra6 Nf3+ 32. Kh1 g6 33. Qa1 Qd7 34. Bd4 Rxd4 35. Bxf3 Qxh3+ 36. Kg1 0-1

[Event "TUR-ch U13/18"]
[Site "Antalya"]
[Date "2023.01.23"]
[Round "2"]
[White "Yildirim, Kemal"]
[Black "Gokcek, Kursat Bugra"]
[Result "1/2-1/2"]
[WhiteElo "1804"]
[BlackElo "2116"]
[PlyCount "195"]
[EventDate "2023.01.17"]
[EventType "swiss"]
[EventRounds "10"]
[EventCountry "TUR"]
[SourceTitle "EXT 2024"]
[Source "ChessBase"]
[SourceDate "2023.10.10"]
[SourceVersion "1"]
[SourceVersionDate "2023.10.10"]
[SourceQuality "1"]

1. e4 c5 2. Nf3 g6 3. c3 Bg7 4. d4 cxd4 5. cxd4 d5 6. e5 a6 7. h3 Nc6 8. Nc3 f6 9. Bf4 fxe5 10. Nxe5 Qb6 11. Nxd5 Qa5+ 12. Nc3 Nxe5 13. dxe5 Bxe5 14. Bb5+ axb5 15. Bxe5 Nf6 16. Bxf6 exf6 17. 0-0 0-0 18. Qd5+ Kg7 19. Rfe1 b4 20. Re7+ Kh8 21. Nb5 Qd8 22. Qxd8 Rxd8 23. Rc1 Bf5 24. Rcc7 g5 25. Rxb7 Rdb8 26. Nd6 Rxb7 27. Rxb7 Bg6 28. Rxb4 Rxa2 29. Rb7 Ra1+ 30. Kh2 Kg8 31. b4 h5 32. b5 Rd1 33. Nc4 Kf8 34. b6 Rb1 35. Rc7 Bd3 36. b7 Bxc4 37. Rc8+ Kg7 38. b8Q Rxb8 39. Rxb8 Kg6 40. Rb4 Bd3 41. Rd4 Be2 42. h4 Kf5 43. Kg3 Ke5 44. Rd8 Kf5 45. Ra8 Bf1 46. Ra1 Be2 47. Ra2 Bf1 48. Ra4 Be2 49. Rb4 Ke5 50. Ra4 Kf5 51. Ra1 Bd3 52. Ra5+ Kg6 53. Rd5 Be4 54. Rd4 Kf5 55. Ra4 Bb7 56. Ra5+ Kg6 57. Rb5 Be4 58. hxg5 fxg5 59. f4 h4+ 60. Kg4 gxf4 61. Kxf4 Bd3 62. Rb3 Bf1 63. Rb2 h3 64. g4 Bg2 65. Rb6+ Kg7 66. Kg3 Bf1 67. Rc6 Bg2 68. Rd6 Kh7 69. Re6 Kg7 70. Ra6 Kh7 71. g5 Kg7 72. Rh6 Bf1 73. Kf4 Kf7 74. Ke4 Kg7 75. Kf5 Bd3+ 76. Kg4 Bf1 77. Rb6 Bg2 78. Rh6 Bf1 79. Kf4 Kf7 80. Rf6+ Kg7 81. Kg3 Bg2 82. Rd6 Kf7 83. Rh6 Kg7 84. Rxh3 Bxh3 85. Kxh3 Kg6 86. Kh4 Kg7 87. Kh5 Kh7 88. Kg4 Kg6 89. Kf4 Kg7 90. Kf5 Kf7 91. g6+ Kg7 92. Kg5 Kg8 93. Kf6 Kf8 94. Kf5 Kg7 95. Kg5 Kg8 96. Kh6 Kh8 97. g7+ Kg8 98. Kg6 1/2-1/2

[Event "EU-ch Amateur Online Final 2000/2300"]
[Site "Tornelo INT"]
[Date "2021.04.28"]
[Round "6"]
[White "Leftheriotis, Alexandros"]
[Black "Yildirim, Kemal"]
[Result "1-0"]
[WhiteElo "2032"]
[BlackElo "1735"]
[PlyCount "75"]
[EventDate "2021.04.28"]
[EventType "swiss (rapid)"]
[EventRounds "9"]
[EventCountry "NET"]
[SourceTitle "EXT 2023"]
[Source "ChessBase"]
[SourceDate "2022.10.05"]
[SourceVersion "1"]
[SourceVersionDate "2022.10.05"]
[SourceQuality "1"]

1. e4 c5 2. Nf3 e6 3. d4 cxd4 4. Nxd4 Nc6 5. Nc3 Qc7 6. Be3 a6 7. Qf3 d6 8. 0-0-0 Bd7 9. g4 Rc8 10. Kb1 Nge7 11. Ndb5 axb5 12. Nxb5 Qb8 13. Nxd6+ Kd8 14. Bb6+ Rc7 15. Nxf7+ Ke8 16. Bxc7 Qxc7 17. Nxh8 Ne5 18. Qg3 N7c6 19. f4 Nf7 20. Nxf7 Kxf7 21. Bc4 Na5 22. Bb3 Bc6 23. Bxe6+ Ke8 24. Bd5 Ba4 25. Bb3 Bc6 26. Rhe1 Bb4 27. c3 Bc5 28. Qd3 Qb6 29. e5 Be7 30. Qxh7 Nxb3 31. Qg8+ Bf8 32. Qxb3 Qf2 33. Qe6+ Be7 34. Qg8+ Bf8 35. e6 Qxf4 36. e7 Be4+ 37. Ka1 Kxe7 38. Qd5 1-0

[Event "EU-ch Amateur Online Final 1700/2000"]
[Site "Tornelo INT"]
[Date "2021.04.25"]
[Round "5"]
[White "Yildirim, Kemal"]
[Black "Drakaki, Anna Maria"]
[Result "1/2-1/2"]
[WhiteElo "1735"]
[BlackElo "1997"]
[PlyCount "170"]
[EventDate "2021.04.25"]
[EventType "swiss (rapid)"]
[EventRounds "9"]
[EventCountry "NET"]
[SourceTitle "EXT 2023"]
[Source "ChessBase"]
[SourceDate "2022.10.05"]
[SourceVersion "1"]
[SourceVersionDate "2022.10.05"]
[SourceQuality "1"]

1. e4 c5 2. Nc3 a6 3. g3 b5 4. Bg2 Bb7 5. d3 e6 6. f4 Ne7 7. Nf3 d5 8. e5 Nf5 9. 0-0 Be7 10. a4 b4 11. Ne2 h5 12. c3 0-0 13. Qe1 d4 14. cxd4 cxd4 15. Qf2 Bc5 16. Nh4 Bxg2 17. Qxg2 Nd7 18. Nxf5 exf5 19. Bd2 Nb6 20. Rfc1 Qe7 21. a5 Nd7 22. Rc4 Rfd8 23. Rac1 Rab8 24. Qc6 Rdc8 25. Qxa6 h4 26. Bxb4 Ra8 27. Bxc5 Nxc5 28. Qb5 Rab8 29. Rxc5 Rxb5 30. Rxc8+ Kh7 31. a6 Ra5 32. R8c6 Qa7 33. b4 Ra2 34. Kf2 Rxa6 35. b5 Rxc6 36. bxc6 Qc7 37. Nxd4 hxg3+ 38. hxg3 Qb6 39. Ke3 Qb2 40. Rh1+ Kg8 41. c7 Qc3 42. Nxf5 Qxc7 43. Nd4 Qc5 44. Rb1 g6 45. Ke4 Kg7 46. Rb5 Qc7 47. Rd5 Qe7 48. g4 Qb7 49. Nf3 f5+ 50. exf6+ Kxf6 51. g5+ Ke6 52. Nd4+ Ke7 53. Ke5 Qc7+ 54. Ke4 Qb7 55. Ke5 Qb1 56. Rc5 Qxd3 57. Rc7+ Kd8 58. Rc5 Qe3+ 59. Kd5 Kd7 60. Ra5 Qxf4 61. Ra7+ Kc8 62. Ra8+ Kb7 63. Rd8 Qf5+ 64. Kd6 Qxg5 65. Ne6 Qd2+ 66. Ke7 Qb4+ 67. Kf6 Qc3+ 68. Kxg6 Qg3+ 69. Kf6 Qf3+ 70. Ke7 Qe4 71. Rd7+ Kb8 72. Rd8+ Ka7 73. Rd7+ Ka6 74. Kf6 Qf3+ 75. Ke7 Qe4 76. Rd6+ Kb5 77. Kd7 Qb4 78. Nc7+ Ka4 79. Nd5 Qb5+ 80. Ke6 Qe8+ 81. Ne7 Kb5 82. Rd5+ Kb6 83. Rd6+ Kb5 84. Rd5+ Kb6 85. Rd6+ Kb5 1/2-1/2

[Event "TUR Cup"]
[Site "Antalya"]
[Date "2020.02.01"]
[Round "10"]
[White "Celik, Eylul"]
[Black "Yildirim, Kemal"]
[Result "1-0"]
[WhiteElo "1865"]
[BlackElo "1695"]
[PlyCount "99"]
[EventDate "2020.01.26"]
[EventType "swiss"]
[EventRounds "11"]
[EventCountry "TUR"]
[SourceTitle "CBM 194 Extra"]
[Source "ChessBase"]
[SourceDate "2020.03.31"]
[SourceVersion "1"]
[SourceVersionDate "2020.03.31"]
[SourceQuality "1"]

1. d4 Nf6 2. c4 e6 3. Bg5 Bb4+ 4. Nd2 h6 5. Bxf6 Qxf6 6. a3 Bxd2+ 7. Qxd2 d6 8. e3 a5 9. Ne2 0-0 10. Nc3 Qe7 11. Be2 Nd7 12. 0-0 Nf6 13. b4 e5 14. d5 Bf5 15. Rfc1 b6 16. f3 Nd7 17. Bd1 Bh7 18. Ba4 Nb8 19. Qb2 Qg5 20. Qd2 h5 21. Nd1 Na6 22. Bc6 Rad8 23. Bb7 Nb8 24. c5 axb4 25. cxb6 cxb6 26. axb4 Qe7 27. Bc6 Rc8 28. Bb5 Bf5 29. e4 Bd7 30. Ra7 Qe8 31. Bxd7 Nxd7 32. Nc3 Nf6 33. Ra6 Qd7 34. Rca1 Rc4 35. Ra7 Qc8 36. Nb5 Rc2 37. Qe3 Rb2 38. Rc7 Qe8 39. Qc3 Rxg2+ 40. Kxg2 Qxb5 41. Qc4 Qe8 42. Raa7 Qd8 43. Re7 Ne8 44. Qc6 Nf6 45. Qc7 Qxc7 46. Rexc7 h4 47. Rc6 Nh5 48. Rac7 Nf4+ 49. Kf1 Nd3 50. b5 1-0

[Event "TUR Cup"]
[Site "Antalya"]
[Date "2020.01.30"]
[Round "7"]
[White "Yildirim, Kemal"]
[Black "Sat, Eray"]
[Result "1/2-1/2"]
[WhiteElo "1695"]
[BlackElo "1781"]
[PlyCount "88"]
[EventDate "2020.01.26"]
[EventType "swiss"]
[EventRounds "11"]
[EventCountry "TUR"]
[SourceTitle "CBM 194 Extra"]
[Source "ChessBase"]
[SourceDate "2020.03.31"]
[SourceVersion "1"]
[SourceVersionDate "2020.03.31"]
[SourceQuality "1"]

1. e4 c5 2. Nf3 d6 3. Bb5+ Nd7 4. c3 Ngf6 5. Qe2 e5 6. 0-0 Be7 7. d4 0-0 8. Rd1 Qc7 9. Nbd2 a6 10. Bd3 b5 11. Nf1 Re8 12. dxe5 dxe5 13. Ng3 c4 14. Bc2 h6 15. Nh4 Bf8 16. Nhf5 Kh7 17. h4 Nc5 18. Qf3 Re6 19. Ne3 Bb7 20. Nd5 Qc6 21. h5 Kh8 22. Nf5 Rd8 23. Nxf6 Rxd1+ 24. Qxd1 Rxf6 25. f3 Re6 26. Be3 Re8 27. Qd2 Ne6 28. Rd1 Bc5 29. Bxc5 Qxc5+ 30. Qf2 Qxf2+ 31. Kxf2 Rd8 32. Rxd8+ Nxd8 33. a4 Kg8 34. axb5 axb5 35. b3 cxb3 36. Bxb3 Ne6 37. Bd5 Ba6 38. Nd6 Kf8 39. g3 Ke7 40. Nf5+ Kf6 41. Ke3 Nc7 42. Bb3 Ne8 43. Bd5 Nc7 44. Bb3 Ne8 1/2-1/2

[Event "TUR Cup"]
[Site "Antalya"]
[Date "2020.01.28"]
[Round "4"]
[White "Yalcinkaya, Tolga"]
[Black "Yildirim, Kemal"]
[Result "0-1"]
[WhiteElo "1338"]
[BlackElo "1695"]
[PlyCount "131"]
[EventDate "2020.01.26"]
[EventType "swiss"]
[EventRounds "11"]
[EventCountry "TUR"]
[SourceTitle "CBM 194 Extra"]
[Source "ChessBase"]
[SourceDate "2020.03.31"]
[SourceVersion "1"]
[SourceVersionDate "2020.03.31"]
[SourceQuality "1"]

1. d4 Nf6 2. c4 e6 3. Nc3 Bb4 4. Bg5 c5 5. e3 Qa5 6. Qc2 cxd4 7. Bxf6 dxc3 8. Bxc3 Bxc3+ 9. bxc3 Nc6 10. Bd3 Qg5 11. f4 Qc5 12. Kf2 e5 13. fxe5 Nxe5 14. Qe2 0-0 15. Nf3 Ng4+ 16. Ke1 Nxe3 17. Nd2 Qg5 18. Qf3 Qxg2 19. Qxg2 Nxg2+ 20. Kf2 Nf4 21. Be4 Rb8 22. Rhb1 Ne6 23. a4 Nc5 24. Bd5 d6 25. Ne4 Rd8 26. Rg1 Kf8 27. Ng5 Bf5 28. Raf1 f6 29. Kg3 Bg6 30. h4 Ke7 31. Re1+ Kd7 32. Ne6 Nxe6 33. Bxe6+ Kc7 34. Kf4 Kb6 35. h5 Bxh5 36. Rxg7 Bg6 37. Ke3 Re8 38. Kd4 Bf5 39. Kd5 Bxe6+ 40. Rxe6 Rxe6 41. Kxe6 Rc8 42. Kd5 Rc5+ 43. Kd4 Rh5 44. a5+ Rxa5 45. Rxh7 Kc6 46. Rf7 Rf5 47. Rf8 Rf4+ 48. Kd3 a6 49. Rc8+ Kb6 50. Ke3 Rf1 51. Ke2 Rf5 52. Ke3 Rc5 53. Rd8 Kc7 54. Rf8 Rxc4 55. Rf7+ Kc6 56. Rxf6 Rxc3+ 57. Kd4 Rc1 58. Rf8 Kb6 59. Rf6 Rc6 60. Rf5 a5 61. Rf1 Ka6 62. Kd5 a4 63. Rf3 Ka5 64. Rf7 Rb6 65. Kc4 Rb3 66. Rf8 0-1

[Event "TUR Cup"]
[Site "Antalya"]
[Date "2019.02.02"]
[Round "10"]
[White "Onem, Cem"]
[Black "Yildirim, Kemal"]
[Result "0-1"]
[WhiteElo "1840"]
[BlackElo "1669"]
[PlyCount "94"]
[EventDate "2019.01.27"]
[EventType "swiss"]
[EventRounds "11"]
[EventCountry "TUR"]
[SourceTitle "CBM 188 Extra"]
[Source "ChessBase"]
[SourceDate "2019.02.26"]
[SourceVersion "1"]
[SourceVersionDate "2019.02.26"]
[SourceQuality "1"]

1. d4 Nf6 2. c4 e6 3. Nc3 Bb4 4. Qc2 d5 5. cxd5 Qxd5 6. Nf3 Qf5 7. Qxf5 exf5 8. Bd2 c6 9. e3 0-0 10. Bd3 g6 11. 0-0 Nbd7 12. Rfd1 Nb6 13. Ne5 Nfd7 14. Nxd7 Bxd7 15. Ne2 Bxd2 16. Rxd2 Nd5 17. Nc1 Rac8 18. Nb3 b6 19. Rc1 Rc7 20. a3 Rfc8 21. Rdc2 Ne7 22. Nd2 Be6 23. b4 Kf8 24. Ba6 Rd8 25. Nf3 f6 26. Ne1 f4 27. Be2 fxe3 28. fxe3 Bf5 29. Bd3 Bxd3 30. Nxd3 Rd6 31. b5 Ke8 32. Nb4 Kd7 33. bxc6+ Ke6 34. Kf2 a5 35. Nd3 Rdxc6 36. Rxc6+ Rxc6 37. Rb1 Kd6 38. e4 Kc7 39. Rb3 a4 40. Rb2 Rc3 41. Nf4 Rxa3 42. Ne6+ Kb7 43. d5 Rb3 44. Rd2 a3 45. d6 Nc6 46. Rd1 Rb2+ 47. Ke3 a2 0-1

[Event "TUR Cup"]
[Site "Antalya"]
[Date "2019.01.28"]
[Round "2"]
[White "Simsek, Ibrahim"]
[Black "Yildirim, Kemal"]
[Result "0-1"]
[WhiteElo "1328"]
[BlackElo "1669"]
[PlyCount "68"]
[EventDate "2019.01.27"]
[EventType "swiss"]
[EventRounds "11"]
[EventCountry "TUR"]
[SourceTitle "CBM 188 Extra"]
[Source "ChessBase"]
[SourceDate "2019.02.26"]
[SourceVersion "1"]
[SourceVersionDate "2019.02.26"]
[SourceQuality "1"]

1. e4 e5 2. Nf3 d6 3. Bc4 Be7 4. Nc3 Nf6 5. d3 0-0 6. Bg5 c6 7. 0-0 b5 8. Bb3 h6 9. Bh4 a5 10. a3 Nbd7 11. Ne2 Nc5 12. Ba2 Bg4 13. Bxf6 Bxf6 14. Ng3 b4 15. h3 Bd7 16. axb4 axb4 17. Nd2 Na4 18. Nc4 Be6 19. Bb3 Nb6 20. Rxa8 Nxa8 21. f4 exf4 22. Rxf4 Nb6 23. Qb1 Nxc4 24. Bxc4 Qb6+ 25. Kh2 Bxc4 26. dxc4 Be5 27. Rf3 Qd4 28. b3 Qxe4 29. Kh1 Bxg3 30. Rxg3 Qe5 31. Kh2 Ra8 32. Qc1 Ra1 33. Qxh6 Qxg3+ 34. Kxg3 gxh6 0-1

[Event "Innsbruck op-B 2nd"]
[Site "Innsbruck"]
[Date "2018.09.01"]
[Round "9"]
[White "Yildirim, Kemal"]
[Black "Proksch, Gerhard"]
[Result "0-1"]
[WhiteElo "1645"]
[BlackElo "1955"]
[PlyCount "86"]
[EventDate "2018.08.24"]
[EventType "swiss"]
[EventRounds "9"]
[EventCountry "AUT"]
[SourceTitle "CBM 186 Extra"]
[Source "ChessBase"]
[SourceDate "2018.08.24"]
[SourceVersion "1"]
[SourceVersionDate "2018.08.24"]
[SourceQuality "1"]

1. e4 c5 2. Nf3 a6 3. c3 d5 4. exd5 Qxd5 5. c4 Qd8 6. d4 cxd4 7. Qxd4 Qxd4 8. Nxd4 e5 9. Nc2 Nc6 10. Nc3 Be6 11. Be2 Nf6 12. 0-0 Be7 13. b3 Bf5 14. Ne3 Be6 15. Ned5 Bxd5 16. Nxd5 Nxd5 17. cxd5 Nd4 18. Bd3 Rd8 19. f4 Bc5 20. Kh1 exf4 21. Bxf4 0-0 22. Rae1 Rxd5 23. Be4 Rd7 24. Be3 Ne6 25. Bf5 Bxe3 26. Rxe3 Rd6 27. Bxe6 fxe6 28. Rxf8+ Kxf8 29. h3 Kf7 30. Rc3 Rc6 31. Rd3 e5 32. Kh2 Rc1 33. Kg3 Kf6 34. Kf3 b5 35. a3 a5 36. a4 b4 37. Rd8 Rc3+ 38. Ke2 Rxb3 39. Ra8 Kf5 40. Rxa5 Ke4 41. Rb5 Rb2+ 42. Kf1 Kd4 43. a5 e4 0-1

[Event "Innsbruck op-B 2nd"]
[Site "Innsbruck"]
[Date "2018.08.28"]
[Round "5"]
[White "Fasching, Andreas"]
[Black "Yildirim, Kemal"]
[Result "1/2-1/2"]
[WhiteElo "1772"]
[BlackElo "1645"]
[PlyCount "61"]
[EventDate "2018.08.24"]
[EventType "swiss"]
[EventRounds "9"]
[EventCountry "AUT"]
[SourceTitle "CBM 186 Extra"]
[Source "ChessBase"]
[SourceDate "2018.08.24"]
[SourceVersion "1"]
[SourceVersionDate "2018.08.24"]
[SourceQuality "1"]

1. d4 Nf6 2. c4 e6 3. Nc3 Bb4 4. Qc2 d5 5. a3 Bxc3+ 6. Qxc3 dxc4 7. Qxc4 b6 8. Bg5 Ba6 9. Bxf6 Bxc4 10. Bxd8 Kxd8 11. Nf3 f6 12. e4 Bxf1 13. Kxf1 Nd7 14. Rc1 c5 15. Ke2 Ke7 16. Rc2 e5 17. dxe5 Nxe5 18. Nxe5 fxe5 19. Rd2 Rhd8 20. Rhd1 Rd4 21. Rxd4 exd4 22. Kd3 b5 23. Rd2 a5 24. a4 b4 25. Kc4 Kd6 26. b3 Rf8 27. f3 g5 28. Rf2 Ke5 29. Rc2 Kf4 30. Kd3 Re8 31. Ke2 1/2-1/2

[Event "Innsbruck op-B 2nd"]
[Site "Innsbruck"]
[Date "2018.08.24"]
[Round "1"]
[White "Pregl, Walter"]
[Black "Yildirim, Kemal"]
[Result "1-0"]
[WhiteElo "1976"]
[BlackElo "1645"]
[PlyCount "143"]
[EventDate "2018.08.24"]
[EventType "swiss"]
[EventRounds "9"]
[EventCountry "AUT"]
[SourceTitle "CBM 186 Extra"]
[Source "ChessBase"]
[SourceDate "2018.08.24"]
[SourceVersion "1"]
[SourceVersionDate "2018.08.24"]
[SourceQuality "1"]

1. e4 e6 2. d3 d5 3. Nd2 c5 4. g3 Nf6 5. Bg2 Nc6 6. Ngf3 g6 7. 0-0 Bg7 8. Re1 0-0 9. c3 b6 10. e5 Nd7 11. d4 cxd4 12. cxd4 Ba6 13. Qa4 Qc8 14. Bf1 Bxf1 15. Nxf1 Qb7 16. Bf4 b5 17. Qd1 Rfc8 18. Ne3 a5 19. Re2 Nb6 20. Qf1 Nc4 21. Ng4 Ne7 22. Nf6+ Kf8 23. Nxh7+ Ke8 24. Nf6+ Bxf6 25. exf6 Ng8 26. Bg5 Nd6 27. Qh3 Kd8 28. Qh7 Kc7 29. Rxe6 Re8 30. Rae1 Rxe6 31. Rxe6 Kd7 32. Re1 Rf8 33. Qh3+ Kd8 34. Bf4 Ne4 35. Be5 Ngxf6 36. Qh4 Qe7 37. Ng5 Nd7 38. Nxe4 Qxh4 39. gxh4 dxe4 40. Rxe4 f5 41. Re3 Nb6 42. Rg3 Nc4 43. b3 Nd2 44. Kg2 f4 45. Rd3 f3+ 46. Kh3 Ne4 47. Bg3 Rf5 48. Re3 Nf6 49. Re5 Rxe5 50. dxe5 Ne4 51. Kg4 Nc3 52. a3 a4 53. bxa4 bxa4 54. Bf4 Nb5 55. Bc1 Nd4 56. Bb2 Nb3 57. Kxf3 Nd2+ 58. Kf4 Ke7 59. Bc1 Nc4 60. Ke4 Ke6 61. f4 Na5 62. Bd2 Nc6 63. h5 gxh5 64. f5+ Kf7 65. e6+ Kf6 66. h4 Ke7 67. Kd5 Na7 68. Bg5+ Ke8 69. Kc5 Nc8 70. f6 Na7 71. f7+ Kf8 72. Bh6+ 1-0